| 000 | 00638nas a2200229 i 4500 | ||
|---|---|---|---|
| 001 | 1761 | ||
| 003 | ES-MaACL | ||
| 005 | 20250901102122.0 | ||
| 007 | t| | ||
| 008 | 950801d19461947sp s| | 1 ||pa d | ||
| 080 | _a339.5 | ||
| 245 | 0 | 0 | _aRevista del comercio internacional. |
| 260 |
_aMadrid : _bEditorial Vimar, _c1946-1947. |
||
| 300 |
_a2 v. ; _c28 cm. |
||
| 310 | _aBimensual | ||
| 362 | 0 | _aAño 1, n. 1 (15 abr. 1946)-año 2, n. 42 (dic. 1947) | |
| 650 | 1 | 7 |
_aComercio _2embne _911157 |
| 780 | 0 | 0 | _tRevista aduanera y tributaria |
| 852 |
_aES-MaACL _jHEM-D-170 _xHem-1371 _d |
||
| 866 | 0 | _o1946-47 | |
| 999 |
_c1761 _d1761 |
||